00570nam a2200193Ia 450000500170000000800410001702000150005808200130007310000150008624500570010126000400015830000180019865000140021665000120023065000180024294200060026095200950026699900150036120250130003913.0240331s9999 xx 000 0 und d a8185229384 bPATa954 aPatnaik, P 0aWhatever happened to imperialism :band other essays aNew DelhibTulika Publicationc1995 axii, 244 p ., aPolitical aEconomy aGlobalization cL 001040708LaWERCLbWERCLcSSCd2024-03-31l0o 954 PATp4736r2024-03-31w2024-03-31yL c4443d4443